Arnold Schönberh / (Record no. 148611)
[ view plain ]
| 000 -LEADER | |
|---|---|
| campo de control de longitud fija | 00677nam a2200217 i 4500 |
| 001 - NÚMERO DE CONTROL | |
| campo de control | 148611 |
| 003 - IDENTIFICADOR DE NÚMERO DE CONTROL | |
| campo de control | ES-MaACL |
| 005 - FECHA Y HORA DE LA ÚLTIMA TRANSACCIÓN | |
| campo de control | 20250824003352.0 |
| 007 - CAMPO FIJO DE DESCRIPCIÓN FÍSICA--INFORMACIÓN GENERAL | |
| campo de control de longitud fija | t| |
| 008 - DATOS DE LONGITUD FIJA--INFORMACIÓN GENERAL | |
| campo de control de longitud fija | 070214s1964 sp r ||||1| spa d |
| 100 1# - ENTRADA PRINCIPAL--NOMBRE DE PERSONA | |
| Nombre de persona | Stuckenschmidt, H. H. |
| 9 (RLIN) | 108495 |
| 245 10 - MENCIÓN DEL TÍTULO | |
| Título | Arnold Schönberh / |
| Mención de responsabilidad, etc. | H. H. Stuckenschmidt ; [traducción de Luis de Pablo]. |
| 260 ## - PUBLICACIÓN, DISTRIBUCIÓN, ETC. | |
| Lugar de publicación, distribución, etc. | Madrid : |
| Nombre del editor, distribuidor, etc. | Rialp, |
| Fecha de publicación, distribución, etc. | 1964 ( |
| Fabricante | Halar) |
| 300 ## - DESCRIPCIÓN FÍSICA | |
| Extensión | 206 p. ; |
| Dimensiones | 20 cm. |
| 490 1# - MENCIÓN DE SERIE | |
| Mención de serie | Libros de Música ; |
| Designación de volumen o secuencia | 1 |
| 600 04 - PUNTO DE ACCESO ADICIONAL DE MATERIA--NOMBRE DE PERSONA | |
| Nombre de persona | Schoenberg, Arnold. |
| 9 (RLIN) | 104609 |
| 700 1# - ENTRADA AGREGADA--NOMBRE PERSONAL | |
| Nombre de persona | Pablo, Luis de, |
| Fechas asociadas al nombre | 1930- |
| 9 (RLIN) | 88085 |
| 830 00 - PUNTO DE ACCESO ADICIONAL DE SERIE-TÍTULO UNIFORME | |
| Título uniforme | Libros de música |
| Designación de volumen o secuencia | 1 |
| 9 (RLIN) | 187513 |
| 852 ## - LOCALIZACIÓN | |
| Ubicación | ES-MaACL |
| Número de control de estantería | C-25440 |
| Sublocalización o colección | R.54180 |
| Estatus retirado | Estado de pérdida | Estado de daño | No para préstamo | Biblioteca de origen | Biblioteca actual | Ubicación en estantería | Fecha de adquisición | Fuente de adquisición | Total de préstamos | Signatura topográfica completa | Código de barras | Visto por última vez | Precio de reemplazo | Tipo de ítem Koha |
|---|---|---|---|---|---|---|---|---|---|---|---|---|---|---|
| Biblioteca del Ateneo de Madrid | Biblioteca del Ateneo de Madrid | Depósito 2 | 17/01/2008 | C-25440 | 1155084 | 23/02/2023 | 23/02/2023 | Libro impreso |
